| 000 | 00427 a2200157 4500 | ||
|---|---|---|---|
| 005 | 20260424100032.0 | ||
| 008 | 260420b |||||||| |||| 00| 0 eng d | ||
| 020 | _a9789362542533 | ||
| 080 |
_aFM _bRAY/H |
||
| 100 | _aRay,Satyajit | ||
| 245 | _aHathyapuri(ഹത്യാപുരി) | ||
| 260 |
_bD C books. _aKottayam. _c2025. |
||
| 300 | _a96p. | ||
| 653 | _aFiction- Bengali Novel-Malayalam Translation | ||
| 942 | _cBK | ||
| 999 |
_c115243 _d115242 |
||